[Event "DEM U10w 2024"]
[Site "Willingen GER"]
[Date "2024.05.25"]
[Round "11"]
[White "Hleizer, Ahata"]
[Black "Artemenko, Isabella"]
[Result "1-0"]
[Termination "normal"]
[Board "3"]
[WhiteElo "1610"]
[BlackElo "1237"]
[WhiteClock "00:17:00"]
[BlackClock "00:43:21"]
[PlyCount "99"]
[WhiteFideId "34643370"]
[BlackFideId "34639616"]
[EventCountry "GER"]
[EventRounds "11"]
[EventType "swiss"]
[EventDate "2024.05.18"]

1. e4 {[%clk 01:15:54]} {[%emt 00:00:05]} d5 {[%clk 01:15:58]} {[%emt
00:00:03]} 2. exd5 {[%clk 01:16:09]} {[%emt 00:00:15]} Qxd5 {[%clk 01:16:17]}
{[%emt 00:00:11]} 3. Nc3 {[%clk 01:16:26]} {[%emt 00:00:12]} Qa5 {[%clk
01:16:43]} {[%emt 00:00:05]} 4. d4 {[%clk 01:16:31]} {[%emt 00:00:25]} Nf6
{[%clk 01:17:00]} {[%emt 00:00:14]} 5. Nf3 {[%clk 01:16:13]} {[%emt 00:00:47]}
Bg4 {[%clk 01:17:23]} {[%emt 00:00:07]} 6. h3 {[%clk 01:16:23]} {[%emt
00:00:20]} Bh5 {[%clk 01:17:47]} {[%emt 00:00:07]} 7. g4 {[%clk 01:15:54]}
{[%emt 00:00:57]} Bg6 {[%clk 01:18:12]} {[%emt 00:00:07]} 8. Ne5 {[%clk
01:15:18]} {[%emt 00:01:05]} e6 {[%clk 01:17:48]} {[%emt 00:00:54]} 9. Bg2
{[%clk 01:14:19]} {[%emt 00:01:29]} c6 {[%clk 01:17:46]} {[%emt 00:00:32]} 10.
h4 {[%clk 01:13:51]} {[%emt 00:00:58]} Be4 {[%clk 01:17:14]} {[%emt 00:01:02]}
11. Bxe4 {[%clk 01:13:51]} {[%emt 00:00:30]} Nxe4 {[%clk 01:17:38]} {[%emt
00:00:06]} 12. Qf3 {[%clk 01:13:05]} {[%emt 00:01:14]} Nd6 {[%clk 01:17:11]}
{[%emt 00:00:59]} 13. Bf4 {[%clk 01:11:58]} {[%emt 00:01:37]} Qd8 {[%clk
01:07:08]} {[%emt 00:10:33]} 14. O-O-O {[%clk 01:03:19]} {[%emt 00:09:10]} Nd7
{[%clk 01:01:49]} {[%emt 00:05:49]} 15. g5 {[%clk 00:59:41]} {[%emt 00:04:07]}
Qe7 {[%clk 00:57:44]} {[%emt 00:04:34]} 16. Rhe1 {[%clk 00:54:52]} {[%emt
00:05:19]} O-O-O {[%clk 00:54:50]} {[%emt 00:03:26]} 17. Nd3 {[%clk 00:48:36]}
{[%emt 00:06:46]} Nf5 {[%clk 00:52:04]} {[%emt 00:03:16]} 18. Qe4 {[%clk
00:42:14]} {[%emt 00:06:47]} Nb6 {[%clk 00:49:17]} {[%emt 00:03:21]} 19. Qe5
{[%clk 00:37:43]} {[%emt 00:04:59]} Nd5 {[%clk 00:46:04]} {[%emt 00:03:45]} 20.
Nxd5 {[%clk 00:35:27]} {[%emt 00:02:45]} cxd5 {[%clk 00:46:19]} {[%emt
00:00:16]} 21. Qb8+ {[%clk 00:34:47]} {[%emt 00:01:10]} Kd7 {[%clk 00:46:38]}
{[%emt 00:00:12]} 22. Qxb7+ {[%clk 00:34:23]} {[%emt 00:00:51]} Ke8 {[%clk
00:47:03]} {[%emt 00:00:07]} 23. Qb5+ {[%clk 00:33:26]} {[%emt 00:01:24]} Qd7
{[%clk 00:47:15]} {[%emt 00:00:21]} 24. Qxd7+ {[%clk 00:32:52]} {[%emt
00:01:04]} Rxd7 {[%clk 00:47:32]} {[%emt 00:00:14]} 25. Ne5 {[%clk 00:32:26]}
{[%emt 00:00:55]} Bd6 {[%clk 00:46:16]} {[%emt 00:01:47]} 26. Bg3 {[%clk
00:29:25]} {[%emt 00:03:28]} Rc7 {[%clk 00:45:57]} {[%emt 00:00:52]} 27. g6
{[%clk 00:23:49]} {[%emt 00:06:01]} hxg6 {[%clk 00:45:36]} {[%emt 00:00:56]}
28. Nxg6 {[%clk 00:22:09]} {[%emt 00:02:09]} fxg6 {[%clk 00:45:31]} {[%emt
00:00:35]} 29. Bxd6 {[%clk 00:22:24]} {[%emt 00:00:15]} Rc6 {[%clk 00:45:01]}
{[%emt 00:01:00]} 30. Bg3 {[%clk 00:21:37]} {[%emt 00:01:14]} Nxg3 {[%clk
00:44:08]} {[%emt 00:01:26]} 31. fxg3 {[%clk 00:21:42]} {[%emt 00:00:24]} Rf8
{[%clk 00:44:30]} {[%emt 00:00:08]} 32. Rf1 {[%clk 00:20:47]} {[%emt 00:01:26]}
Rf6 {[%clk 00:44:48]} {[%emt 00:00:12]} 33. g4 {[%clk 00:19:23]} {[%emt
00:01:51]} g5 {[%clk 00:42:26]} {[%emt 00:02:54]} 34. Rxf6 {[%clk 00:17:12]}
{[%emt 00:02:41]} gxf6 {[%clk 00:42:49]} {[%emt 00:00:07]} 35. hxg5 {[%clk
00:17:21]} {[%emt 00:00:21]} fxg5 {[%clk 00:43:15]} {[%emt 00:00:05]} 36. Re1
{[%clk 00:17:23]} {[%emt 00:00:26]} Ke7 {[%clk 00:43:37]} {[%emt 00:00:09]} 37.
Rf1 {[%clk 00:16:51]} {[%emt 00:01:02]} Rc8 {[%clk 00:44:02]} {[%emt 00:00:07]}
38. Kd2 {[%clk 00:16:47]} {[%emt 00:00:31]} Rc7 {[%clk 00:43:48]} {[%emt
00:00:46]} 39. b3 {[%clk 00:16:37]} {[%emt 00:00:39]} Rc8 {[%clk 00:43:36]}
{[%emt 00:00:43]} 40. Rf2 {[%clk 00:16:26]} {[%emt 00:00:39]} Rf8 {[%clk
00:42:56]} {[%emt 00:01:13]} 41. Rxf8 {[%clk 00:16:37]} {[%emt 00:00:18]} Kxf8
{[%clk 00:43:22]} {[%emt 00:00:05]} 42. c4 {[%clk 00:16:55]} {[%emt 00:00:12]}
Ke7 {[%clk 00:42:59]} {[%emt 00:00:52]} 43. Kc3 {[%clk 00:17:05]} {[%emt
00:00:20]} Kd6 {[%clk 00:43:22]} {[%emt 00:00:08]} 44. c5+ {[%clk 00:17:08]}
{[%emt 00:00:27]} Kc6 {[%clk 00:43:47]} {[%emt 00:00:06]} 45. Kb4 {[%clk
00:17:21]} {[%emt 00:00:16]} a6 {[%clk 00:43:34]} {[%emt 00:00:44]} 46. a4
{[%clk 00:16:56]} {[%emt 00:00:55]} Kb7 {[%clk 00:43:39]} {[%emt 00:00:25]} 47.
Kc3 {[%clk 00:16:47]} {[%emt 00:00:38]} a5 {[%clk 00:42:44]} {[%emt 00:01:26]}
48. b4 {[%clk 00:16:45]} {[%emt 00:00:32]} axb4+ {[%clk 00:43:06]} {[%emt
00:00:08]} 49. Kxb4 {[%clk 00:16:54]} {[%emt 00:00:21]} Kc6 {[%clk 00:43:21]}
{[%emt 00:00:14]} 50. a5 {[%clk 00:17:00]} {[%emt 00:00:24]} 1-0

[Event "DEM U10w 2024"]
[Site "Willingen GER"]
[Date "2024.05.25"]
[Round "11"]
[White "Tiuca, Emma"]
[Black "Tu, Tiffany"]
[Result "1-0"]
[Termination "normal"]
[Board "4"]
[WhiteElo "1516"]
[BlackElo "1618"]
[WhiteClock "01:06:32"]
[BlackClock "00:09:45"]
[PlyCount "87"]
[WhiteFideId "4007549"]
[BlackFideId "34628576"]
[EventCountry "GER"]
[EventRounds "11"]
[EventType "swiss"]
[EventDate "2024.05.18"]

1. e4 {[%clk 01:15:56]} {[%emt 00:00:02]} e5 {[%clk 01:16:00]} {[%emt
00:00:02]} 2. Nc3 {[%clk 01:16:10]} {[%emt 00:00:16]} Nf6 {[%clk 01:14:48]}
{[%emt 00:01:42]} 3. f4 {[%clk 01:16:16]} {[%emt 00:00:22]} d6 {[%clk
01:14:14]} {[%emt 00:01:06]} 4. d3 {[%clk 01:15:34]} {[%emt 00:01:12]} Nc6
{[%clk 01:14:01]} {[%emt 00:00:44]} 5. Nf3 {[%clk 01:15:10]} {[%emt 00:00:53]}
Bg4 {[%clk 01:10:37]} {[%emt 00:03:54]} 6. Be2 {[%clk 01:15:08]} {[%emt
00:00:25]} Qd7 {[%clk 01:07:58]} {[%emt 00:03:17]} 7. Be3 {[%clk 01:14:05]}
{[%emt 00:01:31]} g6 {[%clk 01:06:18]} {[%emt 00:02:10]} 8. Qd2 {[%clk
01:13:40]} {[%emt 00:00:52]} Bg7 {[%clk 01:04:14]} {[%emt 00:02:37]} 9. a3
{[%clk 01:13:19]} {[%emt 00:00:51]} O-O-O {[%clk 01:01:27]} {[%emt 00:03:17]}
10. b4 {[%clk 01:12:05]} {[%emt 00:01:44]} Bxf3 {[%clk 00:56:09]} {[%emt
00:05:48]} 11. Bxf3 {[%clk 01:12:12]} {[%emt 00:00:22]} Rhe8 {[%clk 00:49:07]}
{[%emt 00:07:32]} 12. b5 {[%clk 01:11:41]} {[%emt 00:00:59]} Nd4 {[%clk
00:48:21]} {[%emt 00:01:18]} 13. b6 {[%clk 01:11:17]} {[%emt 00:00:54]} cxb6
{[%clk 00:42:15]} {[%emt 00:06:37]} 14. Bxd4 {[%clk 01:10:36]} {[%emt
00:01:10]} exd4 {[%clk 00:42:25]} {[%emt 00:00:20]} 15. Ne2 {[%clk 01:10:53]}
{[%emt 00:00:10]} Ng4 {[%clk 00:38:44]} {[%emt 00:04:13]} 16. c3 {[%clk
01:09:35]} {[%emt 00:01:42]} dxc3 {[%clk 00:37:46]} {[%emt 00:01:34]} 17. Nxc3
{[%clk 01:09:48]} {[%emt 00:00:15]} Kb8 {[%clk 00:35:15]} {[%emt 00:03:03]} 18.
O-O {[%clk 01:08:48]} {[%emt 00:01:29]} Bd4+ {[%clk 00:34:09]} {[%emt
00:01:36]} 19. Kh1 {[%clk 01:08:44]} {[%emt 00:00:20]} h5 {[%clk 00:32:35]}
{[%emt 00:02:19]} 20. Rab1 {[%clk 01:08:16]} {[%emt 00:00:54]} Nf6 {[%clk
00:26:48]} {[%emt 00:06:21]} 21. Nb5 {[%clk 01:07:41]} {[%emt 00:01:00]} Bc5
{[%clk 00:26:11]} {[%emt 00:01:09]} 22. Qd1 {[%clk 01:06:38]} {[%emt 00:01:22]}
a6 {[%clk 00:23:17]} {[%emt 00:03:36]} 23. Nc3 {[%clk 01:06:44]} {[%emt
00:00:23]} Bxa3 {[%clk 00:22:24]} {[%emt 00:01:23]} 24. Rxb6 {[%clk 01:06:56]}
{[%emt 00:00:19]} Bc5 {[%clk 00:22:26]} {[%emt 00:00:31]} 25. Rb1 {[%clk
01:07:14]} {[%emt 00:00:11]} b5 {[%clk 00:20:52]} {[%emt 00:02:04]} 26. Qa4
{[%clk 01:06:18]} {[%emt 00:01:20]} Qc8 {[%clk 00:13:36]} {[%emt 00:07:52]} 27.
Nxb5 {[%clk 01:05:59]} {[%emt 00:00:49]} axb5 {[%clk 00:13:32]} {[%emt
00:00:34]} 28. Rxb5+ {[%clk 01:06:22]} {[%emt 00:00:06]} Kc7 {[%clk 00:13:55]}
{[%emt 00:00:06]} 29. Rc1 {[%clk 01:05:58]} {[%emt 00:00:52]} Kd7 {[%clk
00:13:13]} {[%emt 00:01:15]} 30. Rbxc5+ {[%clk 01:06:19]} {[%emt 00:00:10]} Ke7
{[%clk 00:12:43]} {[%emt 00:00:56]} 31. Rxc8 {[%clk 01:06:37]} {[%emt
00:00:15]} Rxc8 {[%clk 00:13:08]} {[%emt 00:00:06]} 32. Qa7+ {[%clk 01:06:33]}
{[%emt 00:00:33]} Kf8 {[%clk 00:13:21]} {[%emt 00:00:17]} 33. Rxc8 {[%clk
01:06:31]} {[%emt 00:00:32]} Rxc8 {[%clk 00:13:47]} {[%emt 00:00:05]} 34. h3
{[%clk 01:06:53]} {[%emt 00:00:06]} Rc1+ {[%clk 00:12:40]} {[%emt 00:01:38]}
35. Kh2 {[%clk 01:07:10]} {[%emt 00:00:11]} Kg7 {[%clk 00:11:47]} {[%emt
00:01:25]} 36. e5 {[%clk 01:06:20]} {[%emt 00:01:16]} dxe5 {[%clk 00:10:29]}
{[%emt 00:01:52]} 37. fxe5 {[%clk 01:06:42]} {[%emt 00:00:07]} Nh7 {[%clk
00:10:23]} {[%emt 00:00:35]} 38. e6 {[%clk 01:07:00]} {[%emt 00:00:14]} Ng5
{[%clk 00:10:42]} {[%emt 00:00:10]} 39. e7 {[%clk 01:06:16]} {[%emt 00:01:04]}
h4 {[%clk 00:10:27]} {[%emt 00:00:56]} 40. Bd5 {[%clk 01:06:14]} {[%emt
00:00:30]} Rc2 {[%clk 00:09:41]} {[%emt 00:01:16]} 41. e8=Q {[%clk 01:06:02]}
{[%emt 00:00:45]} Rd2 {[%clk 00:09:03]} {[%emt 00:01:08]} 42. Qe5+ {[%clk
01:06:13]} {[%emt 00:00:14]} Kh6 {[%clk 00:09:21]} {[%emt 00:00:16]} 43. Qh8+
{[%clk 01:06:25]} {[%emt 00:00:15]} Nh7 {[%clk 00:09:45]} {[%emt 00:00:09]} 44.
Qxf7 {[%clk 01:06:32]} {[%emt 00:00:23]} 1-0

[Event "DEM U10w 2024"]
[Site "Willingen GER"]
[Date "2024.05.25"]
[Round "11"]
[White "Hendler, Felicitas"]
[Black "Kühn, Nicole"]
[Result "1/2-1/2"]
[Termination "normal"]
[Board "5"]
[WhiteElo "1645"]
[BlackElo "1477"]
[WhiteClock "00:24:57"]
[BlackClock "00:17:36"]
[PlyCount "83"]
[WhiteFideId "34616519"]
[BlackFideId "34610510"]
[EventCountry "GER"]
[EventRounds "11"]
[EventType "swiss"]
[EventDate "2024.05.18"]

1. e4 {[%clk 01:15:55]} {[%emt 00:00:03]} e5 {[%clk 01:15:27]} {[%emt
00:00:34]} 2. f4 {[%clk 01:15:44]} {[%emt 00:00:40]} d5 {[%clk 01:14:54]}
{[%emt 00:01:05]} 3. exd5 {[%clk 01:15:47]} {[%emt 00:00:26]} exf4 {[%clk
01:14:21]} {[%emt 00:01:04]} 4. Nf3 {[%clk 01:14:29]} {[%emt 00:01:46]} Nf6
{[%clk 01:13:26]} {[%emt 00:01:27]} 5. Nc3 {[%clk 01:13:34]} {[%emt 00:01:24]}
Nxd5 {[%clk 01:12:16]} {[%emt 00:01:40]} 6. Nxd5 {[%clk 01:12:42]} {[%emt
00:01:22]} Qxd5 {[%clk 01:11:49]} {[%emt 00:00:58]} 7. d4 {[%clk 01:11:22]}
{[%emt 00:01:49]} Be7 {[%clk 01:10:28]} {[%emt 00:01:51]} 8. c4 {[%clk
01:09:26]} {[%emt 00:02:26]} Qd6 {[%clk 01:09:53]} {[%emt 00:01:06]} 9. Bd3
{[%clk 01:04:30]} {[%emt 00:05:24]} g5 {[%clk 01:06:47]} {[%emt 00:03:37]} 10.
c5 {[%clk 00:59:55]} {[%emt 00:05:05]} Qf6 {[%clk 01:04:25]} {[%emt 00:02:50]}
11. b3 {[%clk 00:57:00]} {[%emt 00:03:28]} Bg4 {[%clk 01:00:45]} {[%emt
00:04:10]} 12. Bb2 {[%clk 00:54:08]} {[%emt 00:03:21]} Qe6+ {[%clk 00:52:02]}
{[%emt 00:09:13]} 13. Qe2 {[%clk 00:52:19]} {[%emt 00:02:18]} Qxe2+ {[%clk
00:50:13]} {[%emt 00:02:20]} 14. Kxe2 {[%clk 00:52:05]} {[%emt 00:00:43]} Nd7
{[%clk 00:47:12]} {[%emt 00:03:33]} 15. h3 {[%clk 00:51:18]} {[%emt 00:01:15]}
Bh5 {[%clk 00:46:38]} {[%emt 00:01:04]} 16. Rhe1 {[%clk 00:48:16]} {[%emt
00:03:32]} O-O-O {[%clk 00:42:10]} {[%emt 00:04:59]} 17. Kf2 {[%clk 00:47:15]}
{[%emt 00:01:30]} Bf6 {[%clk 00:40:33]} {[%emt 00:02:08]} 18. Rac1 {[%clk
00:39:44]} {[%emt 00:08:01]} h6 {[%clk 00:29:00]} {[%emt 00:12:03]} 19. c6
{[%clk 00:32:38]} {[%emt 00:07:37]} Nb6 {[%clk 00:27:07]} {[%emt 00:02:23]} 20.
cxb7+ {[%clk 00:31:53]} {[%emt 00:01:14]} Kxb7 {[%clk 00:26:01]} {[%emt
00:01:37]} 21. Be4+ {[%clk 00:30:53]} {[%emt 00:01:29]} Kb8 {[%clk 00:25:12]}
{[%emt 00:01:20]} 22. Rc2 {[%clk 00:28:25]} {[%emt 00:02:57]} Bxf3 {[%clk
00:23:06]} {[%emt 00:02:36]} 23. Bxf3 {[%clk 00:28:27]} {[%emt 00:00:27]} Bxd4+
{[%clk 00:22:56]} {[%emt 00:00:41]} 24. Bxd4 {[%clk 00:28:23]} {[%emt
00:00:34]} Rxd4 {[%clk 00:22:44]} {[%emt 00:00:43]} 25. Rec1 {[%clk 00:28:19]}
{[%emt 00:00:33]} Rd7 {[%clk 00:19:52]} {[%emt 00:03:20]} 26. Re2 {[%clk
00:26:42]} {[%emt 00:02:08]} Rhd8 {[%clk 00:19:38]} {[%emt 00:00:45]} 27. Rce1
{[%clk 00:26:10]} {[%emt 00:01:02]} Rd2 {[%clk 00:19:12]} {[%emt 00:00:56]} 28.
Rxd2 {[%clk 00:26:10]} {[%emt 00:00:31]} Rxd2+ {[%clk 00:19:26]} {[%emt
00:00:16]} 29. Kg1 {[%clk 00:26:16]} {[%emt 00:00:23]} a5 {[%clk 00:18:24]}
{[%emt 00:01:33]} 30. Re2 {[%clk 00:24:43]} {[%emt 00:02:03]} Rxe2 {[%clk
00:17:59]} {[%emt 00:00:56]} 31. Bxe2 {[%clk 00:25:03]} {[%emt 00:00:09]} f6
{[%clk 00:18:09]} {[%emt 00:00:20]} 32. Kf2 {[%clk 00:25:11]} {[%emt 00:00:21]}
Nd5 {[%clk 00:17:40]} {[%emt 00:00:59]} 33. Bc4 {[%clk 00:25:00]} {[%emt
00:00:41]} Nb6 {[%clk 00:17:13]} {[%emt 00:00:57]} 34. Bg8 {[%clk 00:24:37]}
{[%emt 00:00:53]} Kc8 {[%clk 00:17:27]} {[%emt 00:00:17]} 35. Kf3 {[%clk
00:24:50]} {[%emt 00:00:16]} Kd8 {[%clk 00:17:30]} {[%emt 00:00:28]} 36. Kg4
{[%clk 00:24:55]} {[%emt 00:00:24]} Ke7 {[%clk 00:17:40]} {[%emt 00:00:21]} 37.
Kh5 {[%clk 00:24:52]} {[%emt 00:00:31]} Kf8 {[%clk 00:18:00]} {[%emt 00:00:10]}
38. Bh7 {[%clk 00:25:07]} {[%emt 00:00:16]} Kg7 {[%clk 00:18:15]} {[%emt
00:00:16]} 39. Be4 {[%clk 00:25:16]} {[%emt 00:00:20]} Nd7 {[%clk 00:17:50]}
{[%emt 00:00:55]} 40. Kg4 {[%clk 00:24:55]} {[%emt 00:00:50]} Ne5+ {[%clk
00:17:57]} {[%emt 00:00:24]} 41. Kf5 {[%clk 00:24:57]} {[%emt 00:00:27]} c5
{[%clk 00:17:36]} {[%emt 00:00:52]} 42. Bd5 {[%emt 00:06:54]} 1/2-1/2

[Event "DEM U10w 2024"]
[Site "Willingen GER"]
[Date "2024.05.25"]
[Round "11"]
[White "Winkler, Anni"]
[Black "Xu, Dorothea Sicheng"]
[Result "1/2-1/2"]
[Termination "normal"]
[Board "6"]
[WhiteElo "1426"]
[BlackElo "1255"]
[WhiteClock "00:15:23"]
[BlackClock "00:19:05"]
[PlyCount "51"]
[WhiteFideId "34622349"]
[BlackFideId "34667539"]
[EventCountry "GER"]
[EventRounds "11"]
[EventType "swiss"]
[EventDate "2024.05.18"]

1. e4 {[%clk 01:14:48]} {[%emt 00:01:11]} e5 {[%clk 01:15:53]} {[%emt
00:00:07]} 2. Nf3 {[%clk 01:14:45]} {[%emt 00:00:32]} Nc6 {[%clk 01:16:16]}
{[%emt 00:00:08]} 3. Bc4 {[%clk 01:14:41]} {[%emt 00:00:33]} Be7 {[%clk
01:16:36]} {[%emt 00:00:10]} 4. O-O {[%clk 01:13:51]} {[%emt 00:01:20]} Nf6
{[%clk 01:16:55]} {[%emt 00:00:10]} 5. d3 {[%clk 01:14:01]} {[%emt 00:00:19]}
O-O {[%clk 01:17:15]} {[%emt 00:00:12]} 6. c3 {[%clk 01:14:09]} {[%emt
00:00:22]} d5 {[%clk 01:17:16]} {[%emt 00:00:28]} 7. exd5 {[%clk 01:13:33]}
{[%emt 00:01:06]} Nxd5 {[%clk 01:17:35]} {[%emt 00:00:13]} 8. Re1 {[%clk
01:12:04]} {[%emt 00:01:57]} Bf6 {[%clk 01:17:17]} {[%emt 00:00:49]} 9. Nbd2
{[%clk 01:10:34]} {[%emt 00:02:00]} Re8 {[%clk 01:16:19]} {[%emt 00:01:28]} 10.
Nf1 {[%clk 01:08:28]} {[%emt 00:02:35]} Be6 {[%clk 01:15:03]} {[%emt 00:01:46]}
11. Bb3 {[%clk 01:06:23]} {[%emt 00:02:36]} Qd7 {[%clk 01:10:44]} {[%emt
00:04:49]} 12. Ng3 {[%clk 01:02:36]} {[%emt 00:04:17]} Rad8 {[%clk 01:04:06]}
{[%emt 00:07:08]} 13. Bc2 {[%clk 00:50:41]} {[%emt 00:12:26]} Qd6 {[%clk
00:50:13]} {[%emt 00:14:23]} 14. Ne4 {[%clk 00:48:05]} {[%emt 00:03:04]} Qe7
{[%clk 00:47:24]} {[%emt 00:03:20]} 15. Bg5 {[%clk 00:43:49]} {[%emt 00:04:46]}
Bxg5 {[%clk 00:46:11]} {[%emt 00:01:44]} 16. Nfxg5 {[%clk 00:39:53]} {[%emt
00:04:24]} Bf5 {[%clk 00:40:12]} {[%emt 00:06:27]} 17. Nf3 {[%clk 00:38:43]}
{[%emt 00:01:43]} Bxe4 {[%clk 00:37:39]} {[%emt 00:03:03]} 18. Rxe4 {[%clk
00:34:39]} {[%emt 00:04:34]} h6 {[%clk 00:36:13]} {[%emt 00:01:56]} 19. d4
{[%clk 00:25:12]} {[%emt 00:09:56]} a6 {[%clk 00:31:08]} {[%emt 00:05:35]} 20.
Nxe5 {[%clk 00:22:17]} {[%emt 00:03:25]} Nxe5 {[%clk 00:29:56]} {[%emt
00:01:43]} 21. Rxe5 {[%clk 00:22:09]} {[%emt 00:00:37]} Qf6 {[%clk 00:27:17]}
{[%emt 00:03:10]} 22. Rxe8+ {[%clk 00:19:58]} {[%emt 00:02:41]} Rxe8 {[%clk
00:27:30]} {[%emt 00:00:17]} 23. Qd3 {[%clk 00:19:04]} {[%emt 00:01:23]} g6
{[%clk 00:22:07]} {[%emt 00:05:54]} 24. Qd2 {[%clk 00:17:26]} {[%emt 00:02:09]}
Qe6 {[%clk 00:20:56]} {[%emt 00:01:39]} 25. h3 {[%clk 00:16:04]} {[%emt
00:01:53]} Qe2 {[%clk 00:19:05]} {[%emt 00:02:22]} 26. Qxe2 {[%clk 00:15:23]}
{[%emt 00:01:10]} 1/2-1/2

[Event "DEM U10w 2024"]
[Site "Willingen GER"]
[Date "2024.05.25"]
[Round "11"]
[White "Ruddat, Maila"]
[Black "Bashirova, Sona"]
[Result "1/2-1/2"]
[Termination "normal"]
[Board "7"]
[WhiteElo "1522"]
[BlackElo "1608"]
[WhiteClock "00:49:47"]
[BlackClock "01:01:41"]
[PlyCount "103"]
[WhiteFideId "34628100"]
[BlackFideId "34664033"]
[EventCountry "GER"]
[EventRounds "11"]
[EventType "swiss"]
[EventDate "2024.05.18"]

1. d4 {[%clk 01:15:45]} {[%emt 00:00:14]} d5 {[%clk 01:15:52]} {[%emt
00:00:08]} 2. Bf4 {[%clk 01:15:55]} {[%emt 00:00:20]} Nf6 {[%clk 01:16:12]}
{[%emt 00:00:10]} 3. e3 {[%clk 01:16:07]} {[%emt 00:00:18]} e6 {[%clk
01:16:36]} {[%emt 00:00:06]} 4. Nf3 {[%clk 01:16:07]} {[%emt 00:00:29]} Bd6
{[%clk 01:16:55]} {[%emt 00:00:12]} 5. Bg3 {[%clk 01:15:58]} {[%emt 00:00:39]}
O-O {[%clk 01:16:41]} {[%emt 00:00:45]} 6. Bd3 {[%clk 01:15:22]} {[%emt
00:01:05]} b6 {[%clk 01:17:02]} {[%emt 00:00:09]} 7. Nbd2 {[%clk 01:15:30]}
{[%emt 00:00:21]} c5 {[%clk 01:17:12]} {[%emt 00:00:21]} 8. c3 {[%clk
01:15:29]} {[%emt 00:00:30]} Bb7 {[%clk 01:17:37]} {[%emt 00:00:06]} 9. Qe2
{[%clk 01:14:52]} {[%emt 00:01:07]} Nc6 {[%clk 01:17:44]} {[%emt 00:00:23]} 10.
e4 {[%clk 01:13:07]} {[%emt 00:02:14]} dxe4 {[%clk 01:17:56]} {[%emt 00:00:18]}
11. Nxe4 {[%clk 01:12:44]} {[%emt 00:00:52]} Bxg3 {[%clk 01:16:50]} {[%emt
00:01:37]} 12. hxg3 {[%clk 01:12:28]} {[%emt 00:00:46]} h6 {[%clk 01:15:59]}
{[%emt 00:01:20]} 13. Nxf6+ {[%clk 01:06:18]} {[%emt 00:06:40]} Qxf6 {[%clk
01:16:17]} {[%emt 00:00:13]} 14. Qe4 {[%clk 01:06:05]} {[%emt 00:00:41]} Qf5
{[%clk 01:11:25]} {[%emt 00:05:24]} 15. Qxf5 {[%clk 01:05:57]} {[%emt
00:00:37]} exf5 {[%clk 01:08:46]} {[%emt 00:03:09]} 16. Bxf5 {[%clk 01:04:06]}
{[%emt 00:02:22]} cxd4 {[%clk 01:08:57]} {[%emt 00:00:19]} 17. cxd4 {[%clk
01:02:49]} {[%emt 00:01:47]} Rad8 {[%clk 01:09:05]} {[%emt 00:00:22]} 18. Rd1
{[%clk 01:02:51]} {[%emt 00:00:28]} Rd6 {[%clk 01:08:54]} {[%emt 00:00:41]} 19.
O-O {[%clk 01:01:31]} {[%emt 00:01:51]} Rfd8 {[%clk 01:09:14]} {[%emt
00:00:10]} 20. Be4 {[%clk 01:01:35]} {[%emt 00:00:22]} Ba6 {[%clk 01:09:07]}
{[%emt 00:00:40]} 21. Rfe1 {[%clk 01:00:57]} {[%emt 00:01:06]} Nxd4 {[%clk
01:06:35]} {[%emt 00:03:04]} 22. Nxd4 {[%clk 01:00:18]} {[%emt 00:01:10]} Rxd4
{[%clk 01:06:56]} {[%emt 00:00:10]} 23. Rxd4 {[%clk 01:00:14]} {[%emt
00:00:32]} Rxd4 {[%clk 01:07:18]} {[%emt 00:00:09]} 24. Bc2 {[%clk 01:00:15]}
{[%emt 00:00:26]} Kf8 {[%clk 01:05:31]} {[%emt 00:02:19]} 25. Rd1 {[%clk
00:57:58]} {[%emt 00:02:46]} Rxd1+ {[%clk 01:01:09]} {[%emt 00:04:53]} 26. Bxd1
{[%clk 00:58:05]} {[%emt 00:00:22]} Ke7 {[%clk 01:01:34]} {[%emt 00:00:06]} 27.
f4 {[%clk 00:57:43]} {[%emt 00:00:52]} Kd6 {[%clk 01:01:49]} {[%emt 00:00:15]}
28. Kf2 {[%clk 00:57:58]} {[%emt 00:00:14]} Bb7 {[%clk 01:01:38]} {[%emt
00:00:42]} 29. Bf3 {[%clk 00:57:57]} {[%emt 00:00:30]} Ba6 {[%clk 01:01:46]}
{[%emt 00:00:24]} 30. Ke3 {[%clk 00:57:43]} {[%emt 00:00:42]} Kc5 {[%clk
01:02:09]} {[%emt 00:00:09]} 31. Be2 {[%clk 00:56:49]} {[%emt 00:01:21]} Bc8
{[%clk 01:00:20]} {[%emt 00:02:20]} 32. Kd2 {[%clk 00:54:51]} {[%emt 00:02:28]}
Kd4 {[%clk 01:00:31]} {[%emt 00:00:20]} 33. Bf3 {[%clk 00:54:35]} {[%emt
00:00:45]} Bf5 {[%clk 01:00:02]} {[%emt 00:00:58]} 34. Bd1 {[%clk 00:54:05]}
{[%emt 00:01:00]} Be4 {[%clk 00:59:20]} {[%emt 00:01:14]} 35. Bf3 {[%clk
00:54:02]} {[%emt 00:00:31]} Bb1 {[%clk 00:59:44]} {[%emt 00:00:08]} 36. a3
{[%clk 00:54:18]} {[%emt 00:00:15]} Ba2 {[%clk 00:59:28]} {[%emt 00:00:44]} 37.
Bd1 {[%clk 00:54:29]} {[%emt 00:00:20]} Be6 {[%clk 00:59:16]} {[%emt 00:00:43]}
38. Be2 {[%clk 00:54:20]} {[%emt 00:00:39]} a5 {[%clk 00:59:31]} {[%emt
00:00:16]} 39. Bd1 {[%clk 00:52:18]} {[%emt 00:02:29]} b5 {[%clk 00:59:18]}
{[%emt 00:00:45]} 40. Be2 {[%clk 00:52:29]} {[%emt 00:00:17]} b4 {[%clk
00:59:35]} {[%emt 00:00:15]} 41. axb4 {[%clk 00:52:24]} {[%emt 00:00:35]} axb4
{[%clk 00:59:51]} {[%emt 00:00:14]} 42. Bd1 {[%clk 00:51:57]} {[%emt 00:00:55]}
Bd5 {[%clk 00:59:51]} {[%emt 00:00:30]} 43. Bf3 {[%clk 00:52:12]} {[%emt
00:00:17]} Bxf3 {[%clk 00:59:33]} {[%emt 00:00:49]} 44. gxf3 {[%clk 00:52:12]}
{[%emt 00:00:30]} Kc4 {[%clk 00:59:54]} {[%emt 00:00:09]} 45. Kc2 {[%clk
00:50:48]} {[%emt 00:01:53]} b3+ {[%clk 01:00:03]} {[%emt 00:00:22]} 46. Kd2
{[%clk 00:50:53]} {[%emt 00:00:21]} Kd4 {[%clk 01:00:22]} {[%emt 00:00:14]} 47.
Ke2 {[%clk 00:50:56]} {[%emt 00:00:27]} f6 {[%clk 01:00:49]} {[%emt 00:00:04]}
48. Kd2 {[%clk 00:51:11]} {[%emt 00:00:13]} g5 {[%clk 01:01:16]} {[%emt
00:00:05]} 49. fxg5 {[%clk 00:51:13]} {[%emt 00:00:28]} fxg5 {[%clk 01:01:29]}
{[%emt 00:00:18]} 50. g4 {[%clk 00:50:51]} {[%emt 00:00:50]} Kc4 {[%clk
01:01:27]} {[%emt 00:00:33]} 51. Ke3 {[%clk 00:49:45]} {[%emt 00:01:33]} Kd5
{[%clk 01:01:41]} {[%emt 00:00:19]} 52. Kd3 {[%clk 00:49:47]} 1/2-1/2